01862cam a2200433 i 4500952013100000999001700131001000900148003000400157005001700161008004100178010001700219020001500236025004100251037005300292040002300345041001300368042001500381043003000396050002300426082001800449245013800467264007300605300002300678336002600701337002800727338002700755504005500782520014300837546002700980650008101007651003801088700004601126710004901172710004001221710003601261710004301297906004501340942004301385 00102ddc40708KCHRaMESbMEScGENd2022-08-27g135.00l0o954.83 VAR/Kp41539r2022-08-27 00:00:00w2022-08-27yREFzGL35R2 c41506d4150617689858OSt20220827113657.0130409s2012 ii bc 000 0 eng  a 2012353741 a818549942X aI-E-2012-353741; 00-90; 56-90; 61-90 bLibrary of Congress -- New Delhi Overseas Office aDLCbengerdacDLC0 aengamal alcodeapcc aa-ii---ae-fr---ae-it---00aDS485.K4bA35 2012 a954.83bVAR/K00aKolezhuthu and Malayalam records in the Oriental Section of Bibliotheque nationale de France, Paris /cedited by M.R. Raghava Varier. 1aThiruvananthapuram :bKerala Council for Historical Research,c2012. a116 pages ;c22 cm atextbtxt2rdacontent aunmediatedbn2rdamedia avolumebnc2rdacarrier aIncludes bibliographical references (pages 20-22). aIncludes brief descriptions of Malayalam manuscripts held at Bibliothèque nationale de France and Biblioteca nazionale centrale di Roma. aEnglish and Malayalam. 0aBibliothèque nationale (France).bDépartement des ManuscriptsvArchives. 0aKerala (India)xHistoryvSources.0 aRāghavavāriyar,d1936-eeditor.990832 aKerala Council for Historical Research990822 aBibliothèque nationale de France.2 aBiblioteca apostolica vaticana.2 aBiblioteca nazionale centrale di Roma. a7bcbccorigoded3encipf20gy-gencatlg 2ddccREFh954.83iVAR/Kk954.83mVAR/K